[Event "Kupreichik Memorial Rapid 2019"]
[Site "Minsk"]
[Date "2019.08.16"]
[Round "5.6"]
[White "Maryasin, Boris"]
[Black "Mustaps, Matiss"]
[Result "0-1"]
[WhiteElo "2302"]
[BlackElo "2381"]
[Annotator "TA"]
[PlyCount "66"]
[EventDate "2019.08.15"]
[EventType "swiss"]
[EventCountry "BLR"]
[SourceTitle "playchess.com"]
[Source "ChessBase"]
[SourceQuality "1"]

{[%evp 14,66,4,0,0,0,9,-44,-39,-35,-50,-57,-44,-47,-39,-47,-47,-60,-61,-109,-106,-194,-208,-199,-187,-199,-189,-181,-181,-177,-155,-194,-156,-146,-138,-218,-124,-172,-154,-214,-222,-292,-304,-318,-311,-886,-870,-904,-881,-6615,-5935,-29995,-29996,-29996,-29997]} 1. e4 c5 2. Nc3 Nc6 3. g3 g6 4. Bg2 Bg7 5. d3 d6 6. Be3 e6 7. Qd2 Rb8 8. Nf3 e5 {B26: Closed Sicilian: 3 g3, lines with early Be3} (8... Nf6 9. Bh6 O-O 10. Bxg7 Kxg7 11. O-O b5 12. Rae1 b4 13. Nd1 Rb6 14. Ne3 Ra6 15. Nh4 Rxa2 16. f4 {0-1 (45) Krapivin,A (2514)-Savchenko,B (2655) Moscow 2009}) 9. Nd5 Nge7 10. c3 $146 (10. Bh6 $11 O-O 11. h4) ({Predecessor:} 10. Bh6 O-O 11. Nxe7+ Qxe7 12. Bxg7 Kxg7 13. h4 f6 14. O-O Be6 15. a3 a5 16. a4 {½-½ (26) Lagvilava,G (2302)-Alexandrova,O (2437) Dresden 2004}) 10... Nxd5 $15 {Black is slightly better.} 11. exd5 Ne7 12. Bg5 h6 13. Bxe7 $1 Qxe7 14. O-O O-O 15. Rae1 f5 16. Nh4 Qf6 17. f4 (17. Qc2 $17) 17... exf4 $19 18. Nf3 fxg3 19. hxg3 Bd7 20. d4 b6 21. Qd3 a5 22. Qa6 Qf7 23. dxc5 Qxd5 {[%mdl 64] Double Attack} 24. Kh1 (24. Re7 $17 {is a better defense.} Qxc5+ 25. Kh2) 24... Bc8 ({Don't do} 24... dxc5 25. Ng5 $1 {[%mdl 512]}) ({Don't take} 24... Qxa2 25. cxd6 Bc6 26. Re7 $15) ({Less strong is} 24... bxc5 25. Ne5 $1 $15 {[%mdl 512]}) (24... Qxc5 $19 {aiming for ...Bb5.} 25. Nd4 Be5) 25. Qb5 Qxc5 26. Qb3+ {[#]} (26. Qd3 $17) 26... Kh7 $1 27. Re7 Rb7 28. Ng5+ hxg5 29. Bxb7 $2 (29. Rxb7 Bxb7 30. Bxb7) 29... Bxb7+ 30. Kh2 Bd5 31. Qd1 Rh8 {( -> ...Kg8+)} 32. Qd4 Qxd4 33. cxd4 Kg8+ 0-1

[Event "Kupreichik Memorial Rapid 2019"]
[Site "Minsk"]
[Date "2019.08.16"]
[Round "5.7"]
[White "Pogosian, Manvel"]
[Black "Kochetkov, German"]
[Result "1-0"]
[WhiteElo "2383"]
[BlackElo "2277"]
[Annotator "TA"]
[PlyCount "43"]
[EventDate "2019.08.15"]
[EventType "swiss"]
[EventCountry "BLR"]
[SourceTitle "playchess.com"]
[Source "ChessBase"]
[SourceQuality "1"]

{[%evp 19,43,58,62,55,135,145,132,121,133,156,176,163,166,165,166,151,157,157,829,817,991,1002,965,988,29997,29998]} 1. d4 f5 2. Nf3 Nf6 3. g3 g6 4. Bg2 Bg7 5. O-O O-O 6. c4 d6 7. Nc3 Nc6 8. d5 Na5 9. Qd3 c5 10. Bd2 a6 11. Rab1 {A89: Dutch Defence: Leningrad System: 5 Nf3 0-0 6 0-0 d6 7 Nc3 Nc6} (11. b3 b5 12. Rab1 Rb8 13. cxb5 axb5 14. Nxb5 Ba6 15. a4 Qb6 16. b4 cxb4 17. Rxb4 Ne4 18. Ng5 Nxd2 19. Qxd2 {½-½ (50) Biag,I (2337)-Nakamura,H (2785) chess.com INT 2017}) 11... Ne4 ({Better is} 11... Bd7 $14) 12. Nxe4 $16 fxe4 13. Qxe4 {White is clearly better.} Bf5 14. Qh4 Bxb1 15. Ng5 $146 {[%csl Gg5][%cal Rh4h7]} ({Predecessor:} 15. Rxb1 Bf6 16. Ng5 Bxg5 17. Bxg5 Qc7 18. Bh3 Rae8 {1-0 (26) Van der Stricht,G (2205)-Van Beers,E (2275) Belgium 1997}) 15... h6 16. Ne6 {[%mdl 64] Double Attack} g5 17. Bxg5 $1 {[%mdl 64] Double Attack} Qe8 ({Don't blunder} 17... hxg5 $2 18. Qxg5 Rf7 19. Nxd8 $18) 18. Bd2 $40 {[%mdl 128] White is out for blood.} Qa4 $2 (18... Qg6 $16) 19. Rxb1 $18 Qc2 20. Be4 {White threatens Qg4! and mate.} Qxd2 {[#]} 21. Qg4 $1 {[%csl Ge6][%cal Rg4g7][%mdl 512]} Rf7 {[#]} 22. Qg6 $1 {[%mdl 512]} 1-0

[Event "Kupreichik Memorial Rapid 2019"]
[Site "Minsk"]
[Date "2019.08.16"]
[Round "5.8"]
[White "Tsaruk, Maksim"]
[Black "Zhukova, Natalia"]
[Result "0-1"]
[WhiteElo "2230"]
[BlackElo "2333"]
[Annotator "TA"]
[PlyCount "63"]
[EventDate "2019.08.15"]
[EventType "swiss"]
[EventCountry "BLR"]
[SourceTitle "playchess.com"]
[Source "ChessBase"]
[SourceQuality "1"]

{[%evp 11,63,24,32,8,25,-2,28,3,43,-31,-37,-63,-63,-64,-68,-66,-61,-60,-54,-71,-62,-125,-118,-121,-123,-130,-122,-135,-138,-139,-129,-129,-131,-132,-137,-201,-186,-240,-143,-160,-134,-144,-128,-124,-120,-128,-56,-135,-121,-130,-127,-268,-270,-729]} 1. e4 e6 2. d4 d5 3. Nd2 c5 4. exd5 exd5 5. Ngf3 Nc6 6. Bb5 Qe7+ 7. Qe2 {C09: French Tarrasch: 3...c5 4 exd5 exd5 5 Ngf3 Nc6} (7. Be2 Qc7 8. O-O Nf6 9. Re1 cxd4 10. Bb5+ Be7 11. Nxd4 O-O 12. N2f3 Nxd4 13. Nxd4 Bc5 14. c3 Qb6 15. a4 {½-½ (41) Timofeev,A (2602)-Zvjaginsev,V (2635) Sochi 2019}) 7... Qxe2+ 8. Bxe2 Nb4 9. Kd1 {White has an edge.} Bf5 10. Ne1 $146 (10. Bb5+ $14 Kd8 11. c3) ({Predecessor:} 10. Bb5+ Kd8 11. Ba4 f6 12. a3 Nc6 13. Re1 Bd6 14. Nb3 c4 {1-0 (60) Datar,T (1703)-Wang,K (1895) Melbourne 2018}) 10... Nf6 11. a3 Nc6 12. dxc5 Bxc5 $40 {[%mdl 128] Black attacks.} 13. Nb3 Bb6 ({Of course not} 13... Bxf2 $6 14. Rf1 $14) 14. Be3 Bxe3 15. fxe3 O-O 16. Rf1 (16. Bd3 $15 Ne4 17. Rf1) 16... Bg6 $17 17. g3 Rfe8 18. Ng2 Ne5 19. Rf4 Be4 20. Ne1 Nc4 21. Bxc4 dxc4 22. Nd2 {[#]} c3 $1 {[%mdl 512]} 23. bxc3 (23. Nxe4 $17 Nxe4 24. b4) 23... Nd5 $19 24. Rh4 (24. Rf2 {was necessary.}) 24... Nxe3+ ({Better is} 24... g5 $19 25. Rh5 Nxe3+ 26. Kc1 f6 27. Nxe4 Rxe4) 25. Kc1 $17 Bg6 26. Kb2 Rad8 27. Rd4 Rc8 28. Nd3 Re6 (28... Re7 $17 29. Re1 Kf8) 29. a4 (29. Re1 $1 $15) 29... Rec6 30. Ra3 Nd1+ 31. Kc1 (31. Ka1 $17 {is the only way for White.}) 31... Nxc3 $19 {[#] And now ...Ne2+ would win.} 32. Ne5 $2 {Accuracy: White = 35%, Black = 65%.} (32. Nf4) 0-1

[Event "Kupreichik Memorial Rapid 2019"]
[Site "Minsk"]
[Date "2019.08.16"]
[Round "5.9"]
[White "Kameko, Aleksandr"]
[Black "Pein, Malcolm"]
[Result "0-1"]
[WhiteElo "2045"]
[BlackElo "2312"]
[Annotator "TA"]
[PlyCount "24"]
[EventDate "2019.08.15"]
[EventType "swiss"]
[EventCountry "BLR"]
[SourceTitle "playchess.com"]
[Source "ChessBase"]
[SourceQuality "1"]

{[%evp 16,24,29,10,28,25,28,-190,-186,-477,-471]} 1. e4 e5 2. Nf3 d6 3. d4 exd4 4. Nxd4 Nf6 5. Nc3 g6 6. Be2 Bg7 7. O-O O-O 8. Bg5 h6 9. Bh4 Nc6 {B08: Pirc Defence: Classical System} 10. Nxc6 bxc6 11. Qd2 $146 {[#]} (11. f4 $11 {and White is okay.} Qe8 12. Bf3) ({Predecessor:} 11. f4 Qe8 12. Bf3 Bb7 13. Qd2 Nd7 14. Rad1 Qe6 15. b3 Nb6 16. h3 Ba6 17. Ne2 {½-½ (32) Lugovskoy,M (2520)-Tarlev,K (2526) Anapa 2011}) 11... Nxe4 $1 $19 {[%mdl 576] Discovered Attack} 12. Qf4 $2 {[#]} (12. Nxe4 {was called for.} Qxh4 13. Ng3) 12... Nxc3 $1 {[%mdl 512]} 0-1

[Event "Kupreichik Memorial Rapid 2019"]
[Site "Minsk"]
[Date "2019.08.16"]
[Round "5.10"]
[White "Meshkov, Yuri A."]
[Black "Leinov, Roman"]
[Result "1-0"]
[WhiteElo "2336"]
[BlackElo "2189"]
[Annotator "TA"]
[PlyCount "79"]
[EventDate "2019.08.15"]
[EventType "swiss"]
[EventCountry "BLR"]
[SourceTitle "playchess.com"]
[Source "ChessBase"]
[SourceQuality "1"]

{[%evp 10,79,-3,-6,0,-13,-7,-27,-24,-43,-21,-25,-20,-22,-15,-21,7,6,10,7,32,30,39,0,0,1,10,12,35,28,40,17,29,0,227,39,54,0,-6,-87,-83,-68,-6,3,9,-79,-75,-83,-60,-54,-52,-108,-88,-84,-66,-77,-43,-45,-31,-35,0,-14,101,0,0,-26,-6,0,82,89,85,33]} 1. c4 c6 2. Nf3 d5 3. b3 Nf6 4. Bb2 Bf5 5. d3 e6 6. Nbd2 h6 {A12: English Opening: 1...c6 with b3 by White} 7. a3 (7. g3 Be7 8. Bg2 O-O 9. O-O Nbd7 10. a3 a5 11. Qb1 Bh7 12. b4 axb4 13. axb4 Qb6 14. Bc3 Rxa1 15. Qxa1 Bxb4 16. Bxb4 Qxb4 17. Rb1 Qd6 18. Rxb7 e5 {1-0 (33) Rapport,R (2702)-Carlsen,M (2840) Wijk aan Zee 2017}) 7... Be7 8. Ra2 O-O {Black has an edge.} 9. Qa1 Nbd7 10. g3 a5 11. Bg2 Bh7 12. O-O b5 $146 ({Predecessor:} 12... Re8 13. Bc3 Bd6 14. Ne5 Nf8 {½-½ (14) Csom,I (2415)-Haba,P (2482) Austria 2001}) 13. Ne5 Nxe5 14. Bxe5 Rc8 15. Rc2 Qb6 16. Qc1 Nd7 17. Bb2 bxc4 18. bxc4 d4 19. c5 Bxc5 20. Qa1 e5 21. Rfc1 f5 $2 (21... Bf5 $11 {and Black has nothing to worry.}) 22. Nc4 $2 (22. f4 $1 $18) 22... Qc7 $14 23. Qa2 ({Better is} 23. e3 $1 $14) 23... Kh8 $11 {[#]} 24. Qb3 (24. Bxc6 $1 $11 {[%mdl 512]} Qxc6 25. Nxe5 $1 {[%mdl 512]} Nxe5 26. Rxc5 Qxc5 27. Rxc5 Rxc5 28. Bxd4) 24... Bg8 25. Qa4 Be7 ({Black should play} 25... Bb6 $15 26. Nd2 c5) 26. Qxa5 c5 27. Qe1 (27. a4 $11) 27... Nb6 $17 28. Nd2 Na4 29. Ba1 Qa7 30. f4 ({White should try} 30. e3 $15) 30... exf4 {[#]} 31. Bxd4 $1 {[%mdl 512]} fxg3 (31... cxd4 32. Rxc8) 32. hxg3 Bg5 33. Bf2 Qe7 34. Rb1 Rfe8 35. Nc4 {Threatens to win with Qa5.} Rb8 (35... Rc7 $11) 36. Rxb8 (36. Bc6 $16 Qa7 37. Bxe8 Rxe8 38. Qa5 Qxa5 39. Nxa5) 36... Rxb8 $11 37. Na5 Qc7 38. Bf3 Be7 {[#]} (38... Bf6 $11 {remains equal.}) 39. Nc6 $1 $16 Rb3 40. Nd4 {Accuracy: White = 32%, Black = 37%.} (40. Nxe7 $16 Qxe7 41. Kg2) 1-0

[Event "Kupreichik Memorial Rapid 2019"]
[Site "Minsk"]
[Date "2019.08.16"]
[Round "5.11"]
[White "Lazavik, Denis"]
[Black "Zarubitski, Viachaslau"]
[Result "1/2-1/2"]
[WhiteElo "2347"]
[BlackElo "2426"]
[Annotator "TA"]
[PlyCount "63"]
[EventDate "2019.08.15"]
[EventType "swiss"]
[EventCountry "BLR"]
[SourceTitle "playchess.com"]
[Source "ChessBase"]
[SourceQuality "1"]

{[%evp 18,63,6,3,3,5,41,48,39,2,2,3,2,0,0,0,0,0,0,0,0,0,-1,0,0,-4,14,-4,-3,-3,0,-16,-3,-2,-2,-3,-4,-6,0,-5,0,0,0,0,0,0,9,9]} 1. d4 Nf6 2. c4 c6 3. Nf3 d5 4. Qc2 g6 5. e3 Bf5 6. Bd3 Bxd3 7. Qxd3 Bg7 8. O-O O-O 9. Nc3 Nbd7 10. b3 Re8 {D94: Grünfeld: 4 Nf3 Bg7 5 e3} (10... Qa5 11. Bb2 dxc4 12. Qxc4 e5 13. Rad1 e4 14. Nd2 Rfe8 15. b4 Qf5 16. b5 Rac8 17. bxc6 Rxc6 18. Qb3 Bf8 19. Rc1 Rb6 20. Qc2 Rc6 21. Qb3 Rb6 22. Qc2 {½-½ (22) Tyulenko,Y (2441)-Grigoryev,V (2517) ICCF email 2014}) 11. cxd5 Nxd5 12. Nxd5 cxd5 {White is slightly better.} 13. Bb2 $146 ({Predecessor:} 13. Qb5 Nb6 14. Ba3 a6 15. Qa5 Bf8 16. Rfc1 Rc8 17. Ne5 e6 18. Bxf8 Rxf8 {1-0 (31) Mishuchkov,N (2360)-Karalkin,M (2332) Nev Ladoga 2006}) 13... Qa5 {The position is equal.} 14. Rfc1 Rac8 15. Rc2 e6 16. Bc3 Qb6 17. Rac1 Rc6 18. Be1 Rec8 19. Rxc6 Rxc6 20. Rxc6 Qxc6 21. Qc3 Nb8 22. a4 a6 23. Kf1 f6 (23... Qd7 {is interesting.} 24. Ne5 Bxe5 25. dxe5 h5 26. h3 Nc6) 24. Ke2 (24. Bd2 {with more complications.} Qd7 25. Ne1 Bf8 26. Nd3 Bd6 27. Be1) 24... Kf7 25. Qxc6 Nxc6 $11 {[%mdl 4096] Endgame KBN-KBN} 26. Bc3 Bf8 27. Ne1 Bd6 28. h3 e5 29. dxe5 fxe5 30. e4 dxe4 31. Ke3 Bc5+ 32. Kxe4 {Accuracy: White = 74%, Black = 43%.} 1/2-1/2

[Event "Kupreichik Memorial Rapid 2019"]
[Site "Minsk"]
[Date "2019.08.16"]
[Round "5.12"]
[White "Vaganian, Rafael A"]
[Black "Romanovskij, Nikita"]
[Result "1-0"]
[WhiteElo "2514"]
[BlackElo "1869"]
[Annotator "TA"]
[PlyCount "113"]
[EventDate "2019.08.15"]
[EventType "swiss"]
[EventCountry "BLR"]
[SourceTitle "playchess.com"]
[Source "ChessBase"]
[SourceQuality "1"]

{[%evp 14,113,10,3,9,2,13,0,16,11,45,19,53,45,48,49,30,32,52,36,51,33,33,26,34,32,48,0,15,12,29,31,39,36,62,61,78,72,69,32,32,32,24,12,10,12,17,0,2,-94,-12,-10,-10,-11,0,0,0,0,0,0,-18,-228,-233,-211,-170,-173,-170,-170,-170,-167,-137,-271,-258,-274,-250,-290,-226,-459,-445,-370,-362,-459,-458,-370,-18,-51,0,-49,0,-412,-400,-354,1182,1050,931,806,5206,5047,6323,6103,29988,29989]} 1. Nf3 Nf6 2. c4 e6 3. d4 b6 4. e3 Bb7 5. Bd3 d5 6. O-O Be7 7. b3 O-O 8. Bb2 c5 {E14: Queen's Indian: Classical Variation (4 e3)} (8... dxc4 9. Bxc4 Nbd7 10. Qe2 c5 11. Rd1 Qb8 12. Nc3 cxd4 13. Rxd4 a6 14. Rad1 Qc7 15. Bd3 Nc5 16. Bb1 {1-0 (47) Rapport,R (2736)-Yu,Y (2739) Hengshui 2019}) 9. dxc5 Bxc5 10. Qe2 $146 ({Predecessor:} 10. cxd5 exd5 11. a3 Re8 12. Nc3 Nc6 13. b4 Bd6 14. Nb5 a6 15. Nxd6 Qxd6 16. Rc1 {1-0 (32) Batista,H (1431)-Wenger,J (1884) IECC email 2001}) 10... Qe7 {The position is equal.} 11. a3 Nc6 12. Nbd2 Rfd8 13. cxd5 exd5 14. b4 Bd6 15. Nb3 Ne4 16. Nbd4 Nxd4 17. Bxd4 Rac8 18. Qb2 f6 19. Nh4 Qf7 20. g3 (20. Nf5 {seems wilder.} Qh5 21. Nxd6 Nxd6 22. Qb1 Nc4 23. Qd1) 20... Bb8 21. Rac1 Rxc1 22. Rxc1 Rc8 23. Ng2 Nd6 24. Rxc8+ Bxc8 25. Qc2 g6 26. Qc3 Kg7 $1 27. h4 Bf5 28. Nf4 Bxd3 29. Qxd3 {Black must now prevent Nxd5!} Ne4 30. Ne2 Qe6 31. Kg2 (31. Nc3 $11 {remains equal.}) 31... Qf5 (31... Qh3+ $1 $17 32. Kxh3 Nxf2+ {[%mdl 64] Double Attack} 33. Kg2 Nxd3) 32. Nf4 $11 Bxf4 33. exf4 Qc8 34. f3 Nd6 35. g4 Kf7 36. Kg3 Qc4 37. Qxc4 $2 (37. Qe3 $11) 37... dxc4 {[%mdl 4096] Endgame KB-KN} 38. a4 Ke6 39. Kf2 f5 40. Ke3 Kd5 41. Be5 Nb7 42. Bd4 (42. Bf6 $17 {might work better.}) 42... Nd8 $1 $19 43. Bf6 {[#]} Nc6 $1 44. b5 Nb8 45. Bd4 $2 (45. h5 {is the only way for White.}) 45... Nd7 46. a5 Nc5 47. a6 Nd7 48. h5 Kd6 $2 ({Black should play} 48... gxh5 $19 49. gxh5 Nc5) 49. Kd2 Kd5 ({Black should try} 49... gxh5 $15 50. gxh5 Kd5) 50. Kc3 Nc5 {Threatens to win with ...Na4+.} 51. Bg1 $2 {[%mdl 8192] [#]} (51. hxg6 $11 hxg6 52. Be5) 51... Ne6 $1 52. Be3 Ng7 $4 {[%mdl 8192] [#]} (52... Nc7 $19 53. hxg6 hxg6) 53. Bxb6 $1 {[%mdl 512]} Ne8 (53... axb6 54. a7) 54. Bxa7 Nd6 55. Kb4 c3 56. Be3 c2 57. a7 {Accuracy: White = 39%, Black = 38%.} 1-0

[Event "Kupreichik Memorial Rapid 2019"]
[Site "Minsk"]
[Date "2019.08.16"]
[Round "5.13"]
[White "Vashchilov, Sergey"]
[Black "Paravyan, David"]
[Result "1/2-1/2"]
[WhiteElo "2162"]
[BlackElo "2605"]
[Annotator "ChessBase"]
[PlyCount "124"]
[EventDate "2019.08.15"]
[EventType "swiss"]
[EventCountry "BLR"]
[SourceTitle "playchess.com"]
[Source "ChessBase"]
[SourceQuality "1"]
[TimeControl "900+10"]

1. e4 {[%emt 0:00:00]} c5 {[%emt 0:00:00]} 2. Nf3 {[%emt 0:00:00]} d6 {[%emt 0:00:00]} 3. d4 {[%emt 0:00:00]} cxd4 {[%emt 0:00:00]} 4. Nxd4 {[%emt 0:00:00]} Nf6 {[%emt 0:00:00]} 5. f3 {[%emt 0:00:00]} e5 {[%emt 0:00:00]} 6. Nb3 {[%emt 0:00:00]} Be6 {[%emt 0:00:00]} 7. c4 {[%emt 0:00:02]} a5 {[%emt 0:00:00]} 8. Be3 {[%emt 0:01:21]} b5 {[%emt 0:00:00]} 9. cxb5 {[%emt 0:00:21]} a4 {[%emt 0:00:02]} 10. N3d2 {[%emt 0:01:42]} d5 {[%emt 0:00:01]} 11. Bd3 {[%emt 0:00:41]} Nbd7 {[%emt 0:00:25]} 12. O-O {[%emt 0:00:45]} Bc5 {[%emt 0:00:22]} 13. Bxc5 {[%emt 0:00:23]} Nxc5 {[%emt 0:00:01]} 14. Qe2 {[%emt 0:00:28]} O-O {[%emt 0:01:16]} 15. Na3 {[%emt 0:01:48]} Qb6 {[%emt 0:01:00]} 16. Kh1 {[%emt 0:00:12]} Rfd8 {[%emt 0:00:32]} 17. Rfd1 {[%emt 0:01:18]} Nxd3 18. Qxd3 {[%emt 0:00:02]} dxe4 {[%emt 0:00:20]} 19. Qe2 {[%emt 0:00:07]} exf3 {[%emt 0:00:05]} 20. Nxf3 {[%emt 0:00:44]} Ng4 {[%emt 0:00:13]} 21. Rxd8+ {[%emt 0:00:16]} Rxd8 {[%emt 0:00:01]} 22. h3 {[%emt 0:00:01]} Nf2+ {[%emt 0:00:31]} 23. Kh2 {[%emt 0:00:13]} e4 {[%emt 0:00:01]} 24. Ne5 {[%emt 0:01:01]} h5 {[%emt 0:08:43]} 25. Rf1 {[%emt 0:01:28]} e3 {[%emt 0:00:03]} 26. Nec4 {[%emt 0:00:57]} Bxc4 {[%emt 0:01:23]} 27. Nxc4 {[%emt 0:00:06]} Qxb5 {[%emt 0:00:01]} 28. Qxe3 {[%emt 0:03:11]} Qxc4 {[%emt 0:01:02]} 29. Rxf2 {[%emt 0:00:46]} Qxa2 {[%emt 0:00:03]} 30. Qg5 {[%emt 0:00:52]} Qd5 {[%emt 0:00:26]} 31. Qxd5 {[%emt 0:00:26]} Rxd5 {[%emt 0:00:01]} 32. Rf4 {[%emt 0:00:01]} Ra5 {[%emt 0:00:00]} 33. Rb4 {[%emt 0:00:07]} g5 {[%emt 0:00:16]} 34. h4 {[%emt 0:00:28]} g4 {[%emt 0:00:02]} 35. Kg3 {[%emt 0:00:01]} Kg7 {[%emt 0:00:01]} 36. Kf4 {[%emt 0:00:18]} Kg6 {[%emt 0:00:00]} 37. Rb6+ {[%emt 0:00:11]} f6 {[%emt 0:00:01]} 38. Rb4 {[%emt 0:00:01]} Kf7 {[%emt 0:00:19]} 39. Rb7+ {[%emt 0:00:07]} Ke6 {[%emt 0:00:27]} 40. Rb6+ {[%emt 0:00:12]} Kf7 {[%emt 0:01:35]} 41. Rb7+ {[%emt 0:00:02]} Kg6 {[%emt 0:00:00]} 42. Rb4 {[%emt 0:00:08]} Kg7 {[%emt 0:00:13]} 43. Rb7+ {[%emt 0:00:03]} Kf8 {[%emt 0:00:01]} 44. Rb8+ {[%emt 0:00:27]} Ke7 {[%emt 0:00:01]} 45. Rb7+ {[%emt 0:00:01]} Kd6 {[%emt 0:00:11]} 46. Rb6+ {[%emt 0:00:25]} Kc5 {[%emt 0:00:00]} 47. Rxf6 {[%emt 0:00:11]} Kc4 {[%emt 0:00:01]} 48. Rc6+ {[%emt 0:00:42]} Kb3 {[%emt 0:00:11]} 49. Rb6+ {[%emt 0:00:06]} Kc4 {[%emt 0:00:28]} 50. Rc6+ {[%emt 0:00:13]} Kd3 {[%emt 0:00:01]} 51. Rc3+ {[%emt 0:00:11]} Kd4 {[%emt 0:00:50]} 52. Rc8 {[%emt 0:00:17]} Rb5 {[%emt 0:00:31]} 53. Ra8 {[%emt 0:00:03]} Rb4 {[%emt 0:00:00]} 54. Kg5 {[%emt 0:00:03]} Ke3 {[%emt 0:00:01]} 55. Kxh5 {[%emt 0:00:20]} g3 {[%emt 0:01:21]} 56. Rf8 {[%emt 0:00:15]} Rxb2 {[%emt 0:00:55]} 57. Rf3+ {[%emt 0:00:03]} Ke4 {[%emt 0:00:02]} 58. Rxg3 {[%emt 0:00:01]} Rb5+ {[%emt 0:00:17]} 59. Kg6 {[%emt 0:00:21]} Ra5 {[%emt 0:00:04]} 60. Ra3 {[%emt 0:00:07]} Kf4 {[%emt 0:00:07]} 61. g3+ {[%emt 0:00:18]} Kg4 {[%emt 0:00:02]} 62. Kf6 {[%emt 0:00:01]} Ra8 {[%emt 0:00:27]} 1/2-1/2

[Event "Kupreichik Memorial Rapid 2019"]
[Site "Minsk"]
[Date "2019.08.16"]
[Round "5.14"]
[White "Shaban, Alena"]
[Black "Mikhailovsky, Vladimir"]
[Result "0-1"]
[WhiteElo "2030"]
[BlackElo "2209"]
[Annotator "NA"]
[PlyCount "94"]
[EventDate "2019.08.15"]
[EventType "swiss"]
[EventCountry "BLR"]
[SourceTitle "playchess.com"]
[Source "ChessBase"]
[SourceQuality "1"]
[TimeControl "900+10"]

1. Nf3 {[%emt 0:00:00]} Nf6 {[%emt 0:00:00]} 2. g3 {[%emt 0:00:01]} b5 {[%emt 0:00:01]} 3. Bg2 {[%emt 0:00:03]} Bb7 {[%emt 0:00:03]} 4. O-O {[%emt 0:00:03]} e6 {[%emt 0:00:02]} 5. d3 {[%emt 0:00:01]} d5 {[%emt 0:00:12]} 6. Nbd2 {[%emt 0:00:08]} Be7 {[%emt 0:00:04]} 7. c4 {[%emt 0:02:13]} dxc4 {[%emt 0:01:56]} 8. dxc4 {[%emt 0:00:07]} b4 {[%emt 0:01:28]} 9. a3 {[%emt 0:01:49]} c5 {[%emt 0:01:44]} 10. axb4 {[%emt 0:00:50]} cxb4 {[%emt 0:00:03]} 11. Nb3 {[%emt 0:00:48]} Qc8 {[%emt 0:01:47]} 12. Na5 {[%emt 0:00:25]} Be4 {[%emt 0:00:11]} 13. Ne5 {[%emt 0:01:27]} Bxg2 {[%emt 0:00:41]} 14. Kxg2 {[%emt 0:00:01]} O-O {[%emt 0:00:06]} 15. Be3 {[%emt 0:00:25]} Nfd7 {[%emt 0:04:10]} 16. Nxd7 {[%emt 0:01:43]} Nxd7 {[%emt 0:00:03]} 17. Qc2 {[%emt 0:00:49]} Bc5 {[%emt 0:01:10]} 18. Bxc5 {[%emt 0:01:14]} Nxc5 {[%emt 0:00:04]} 19. Nb3 {[%emt 0:00:22]} Qc6+ {[%emt 0:00:13]} 20. f3 {[%emt 0:00:06]} Rfd8 {[%emt 0:01:04]} 21. Rfd1 {[%emt 0:01:07]} Nxb3 {[%emt 0:00:50]} 22. Qxb3 {[%emt 0:01:23]} Qc5 {[%emt 0:00:26]} 23. Qc2 {[%emt 0:00:51]} h5 {[%emt 0:00:12]} 24. b3 {[%emt 0:00:10]} Qe3 {[%emt 0:00:51]} 25. Ra4 {[%emt 0:00:40]} a5 {[%emt 0:01:27]} 26. Rxa5 h4 {[%emt 0:00:11]} 27. Rxa8 {[%emt 0:00:07]} Rxa8 {[%emt 0:00:01]} 28. Qd3 {[%emt 0:00:05]} Qe5 {[%emt 0:00:16]} 29. Qd2 {[%emt 0:00:12]} g6 {[%emt 0:00:14]} 30. Kf2 {[%emt 0:00:41]} Qf5 {[%emt 0:00:16]} 31. Qxb4 {[%emt 0:00:04]} Qh3 {[%emt 0:00:02]} 32. gxh4 {[%emt 0:00:26]} Qxh2+ {[%emt 0:00:06]} 33. Ke3 {[%emt 0:00:01]} Qe5+ {[%emt 0:00:17]} 34. Kf2 {[%emt 0:00:09]} Ra2 {[%emt 0:00:11]} 35. Rd2 {[%emt 0:00:16]} Qh2+ {[%emt 0:00:03]} 36. Ke3 {[%emt 0:00:01]} Qg1+ {[%emt 0:00:17]} 37. Kd3 {[%emt 0:00:06]} Qb1+ {[%emt 0:00:05]} 38. Ke3 {[%emt 0:00:11]} Qg1+ {[%emt 0:00:02]} 39. Ke4 {[%emt 0:00:08]} Ra8 {[%emt 0:00:20]} 40. c5 {[%emt 0:00:07]} Qg3 {[%emt 0:00:11]} 41. c6 {[%emt 0:00:32]} Rb8 {[%emt 0:00:08]} 42. Qc3 {[%emt 0:00:14]} Qxh4+ {[%emt 0:00:07]} 43. Ke3 {[%emt 0:00:01]} Qg5+ {[%emt 0:00:11]} 44. Kf2 {[%emt 0:00:06]} Qh4+ {[%emt 0:00:16]} 45. Ke3 {[%emt 0:00:02]} Qg5+ {[%emt 0:00:11]} 46. f4 {[%emt 0:00:15]} Qg3+ {[%emt 0:00:05]} 47. Ke4 {[%emt 0:00:12]} Qxc3 {[%emt 0:00:03]} 0-1